|
|
|
|
| LEADER |
00000nam0a2200000 4500 |
| 001 |
86691 |
| 005 |
20231101213509.0 |
| 035 |
|
|
|a (RuTPU)RU\TPU\book\93090
|
| 090 |
|
|
|a 86691
|
| 100 |
|
|
|a 20051129d1969 m y0rusy50 ca
|
| 101 |
0 |
|
|a rus
|
| 102 |
|
|
|a RU
|
| 105 |
|
|
|a a z 001zy
|
| 200 |
1 |
|
|a Методы исследования режимов полета аппарата переменной массы
|h Кн. 1: Дифференциальные уравнения движения аппарата
|f И. Ф. Верещагин
|g Пермский государственный университет
|
| 210 |
|
|
|a Пермь
|c Пермский университет им. А. М. Горького
|d 1969
|
| 215 |
|
|
|a 260 с.
|c ил.
|
| 320 |
|
|
|a Библиогр.: с. 255-257
|
| 610 |
1 |
|
|a летательные аппараты
|
| 610 |
1 |
|
|a режимы полета
|
| 610 |
1 |
|
|a методы исследования
|
| 610 |
1 |
|
|a дифференциальные уравнения
|
| 675 |
|
|
|a 629.735:533.6
|v 3
|
| 700 |
|
1 |
|a Верещагин
|b И. Ф.
|g Иван Федорович
|
| 712 |
0 |
2 |
|a Пермский государственный университет
|2 stltpush
|3 (RuTPU)RU\TPU\col\189
|9 23260
|
| 801 |
|
1 |
|a RU
|b 63413507
|c 20051129
|g PSBO
|
| 801 |
|
2 |
|a RU
|b 63413507
|c 20120329
|g PSBO
|
| 942 |
|
|
|c BK
|